<?xml version="1.0" encoding="UTF-8"?>
<record
    xmlns:xsi="http://www.w3.org/2001/XMLSchema-instance"
    xsi:schemaLocation="http://www.loc.gov/MARC21/slim http://www.loc.gov/standards/marcxml/schema/MARC21slim.xsd"
    xmlns="http://www.loc.gov/MARC21/slim">

  <leader>02934nam a22003617a 4500</leader>
  <controlfield tag="005">20110112111733.0</controlfield>
  <datafield tag="010" ind1=" " ind2=" ">
    <subfield code="a">B-419650-662</subfield>
  </datafield>
  <datafield tag="020" ind1=" " ind2=" ">
    <subfield code="a">9788131718650</subfield>
    <subfield code="c">425.00</subfield>
  </datafield>
  <datafield tag="035" ind1=" " ind2=" ">
    <subfield code="a">B-419650-662</subfield>
  </datafield>
  <datafield tag="037" ind1=" " ind2=" ">
    <subfield code="b">UBH</subfield>
  </datafield>
  <datafield tag="082" ind1=" " ind2=" ">
    <subfield code="a">006.74</subfield>
  </datafield>
  <datafield tag="100" ind1=" " ind2=" ">
    <subfield code="a">Kahate, Atul </subfield>
    <subfield code="9">25312</subfield>
  </datafield>
  <datafield tag="245" ind1=" " ind2=" ">
    <subfield code="a">XML &amp; related technologies /</subfield>
    <subfield code="c">by Atul Kahate </subfield>
  </datafield>
  <datafield tag="260" ind1=" " ind2=" ">
    <subfield code="a">Delhi </subfield>
    <subfield code="b">Pearson Educations </subfield>
    <subfield code="c">2009</subfield>
  </datafield>
  <datafield tag="270" ind1=" " ind2=" ">
    <subfield code="a">482 FIF, Patparganj</subfield>
    <subfield code="b">Delhi </subfield>
    <subfield code="e">110092</subfield>
  </datafield>
  <datafield tag="300" ind1=" " ind2=" ">
    <subfield code="a">xxvii, 498p. </subfield>
    <subfield code="c">26cm(pbk) </subfield>
  </datafield>
  <datafield tag="500" ind1=" " ind2=" ">
    <subfield code="a">Includes index </subfield>
  </datafield>
  <datafield tag="942" ind1=" " ind2=" ">
    <subfield code="2">ddc</subfield>
    <subfield code="c">EN</subfield>
    <subfield code="m">KAH</subfield>
    <subfield code="h">006.74</subfield>
  </datafield>
  <datafield tag="999" ind1=" " ind2=" ">
    <subfield code="c">35787</subfield>
    <subfield code="d">35787</subfield>
  </datafield>
  <datafield tag="952" ind1=" " ind2=" ">
    <subfield code="0">0</subfield>
    <subfield code="1">0</subfield>
    <subfield code="4">0</subfield>
    <subfield code="7">0</subfield>
    <subfield code="8">NFIC</subfield>
    <subfield code="a">L</subfield>
    <subfield code="b">L</subfield>
    <subfield code="d">2011-01-12</subfield>
    <subfield code="e">UBH/078/13.8.10/64/1.7.10/25.8.10</subfield>
    <subfield code="g">425.00</subfield>
    <subfield code="l">0</subfield>
    <subfield code="o">006.74 KAH</subfield>
    <subfield code="p">B-419650</subfield>
    <subfield code="r">2011-01-12 00:00:00</subfield>
    <subfield code="t">1</subfield>
    <subfield code="v">425.00</subfield>
    <subfield code="w">2011-01-12</subfield>
    <subfield code="y">EN</subfield>
    <subfield code="z">Legal Case (Register 2018)</subfield>
  </datafield>
  <datafield tag="952" ind1=" " ind2=" ">
    <subfield code="0">0</subfield>
    <subfield code="1">0</subfield>
    <subfield code="4">0</subfield>
    <subfield code="7">0</subfield>
    <subfield code="8">NFIC</subfield>
    <subfield code="a">M</subfield>
    <subfield code="b">M</subfield>
    <subfield code="d">2011-01-12</subfield>
    <subfield code="e">UBH/078/13.8.10/64/1.7.10/25.8.10</subfield>
    <subfield code="g">425.00</subfield>
    <subfield code="l">0</subfield>
    <subfield code="o">006.74 KAH</subfield>
    <subfield code="p">B-419651</subfield>
    <subfield code="r">2011-01-12 00:00:00</subfield>
    <subfield code="t">4</subfield>
    <subfield code="v">425.00</subfield>
    <subfield code="w">2011-01-12</subfield>
    <subfield code="y">EN</subfield>
  </datafield>
  <datafield tag="952" ind1=" " ind2=" ">
    <subfield code="0">0</subfield>
    <subfield code="1">0</subfield>
    <subfield code="4">0</subfield>
    <subfield code="7">0</subfield>
    <subfield code="8">NFIC</subfield>
    <subfield code="a">M</subfield>
    <subfield code="b">M</subfield>
    <subfield code="d">2011-01-12</subfield>
    <subfield code="e">UBH/078/13.8.10/64/1.7.10/25.8.10</subfield>
    <subfield code="g">425.00</subfield>
    <subfield code="l">0</subfield>
    <subfield code="o">006.74 KAH</subfield>
    <subfield code="p">B-419652</subfield>
    <subfield code="r">2011-01-12 00:00:00</subfield>
    <subfield code="t">4</subfield>
    <subfield code="v">425.00</subfield>
    <subfield code="w">2011-01-12</subfield>
    <subfield code="y">EN</subfield>
  </datafield>
  <datafield tag="952" ind1=" " ind2=" ">
    <subfield code="0">0</subfield>
    <subfield code="1">0</subfield>
    <subfield code="4">0</subfield>
    <subfield code="7">0</subfield>
    <subfield code="8">NFIC</subfield>
    <subfield code="a">M</subfield>
    <subfield code="b">M</subfield>
    <subfield code="d">2011-01-12</subfield>
    <subfield code="e">UBH/078/13.8.10/64/1.7.10/25.8.10</subfield>
    <subfield code="g">425.00</subfield>
    <subfield code="l">0</subfield>
    <subfield code="o">006.74 KAH</subfield>
    <subfield code="p">B-419653</subfield>
    <subfield code="r">2011-01-12 00:00:00</subfield>
    <subfield code="t">4</subfield>
    <subfield code="v">425.00</subfield>
    <subfield code="w">2011-01-12</subfield>
    <subfield code="y">EN</subfield>
  </datafield>
  <datafield tag="952" ind1=" " ind2=" ">
    <subfield code="0">0</subfield>
    <subfield code="1">0</subfield>
    <subfield code="4">0</subfield>
    <subfield code="7">0</subfield>
    <subfield code="8">NFIC</subfield>
    <subfield code="a">M</subfield>
    <subfield code="b">M</subfield>
    <subfield code="d">2011-01-12</subfield>
    <subfield code="e">UBH/078/13.8.10/64/1.7.10/25.8.10</subfield>
    <subfield code="g">425.00</subfield>
    <subfield code="l">0</subfield>
    <subfield code="o">006.74 KAH</subfield>
    <subfield code="p">B-419654</subfield>
    <subfield code="r">2011-01-12 00:00:00</subfield>
    <subfield code="t">4</subfield>
    <subfield code="v">425.00</subfield>
    <subfield code="w">2011-01-12</subfield>
    <subfield code="y">EN</subfield>
  </datafield>
  <datafield tag="952" ind1=" " ind2=" ">
    <subfield code="0">0</subfield>
    <subfield code="1">0</subfield>
    <subfield code="4">0</subfield>
    <subfield code="7">0</subfield>
    <subfield code="8">NFIC</subfield>
    <subfield code="a">NPL</subfield>
    <subfield code="b">NPL</subfield>
    <subfield code="d">2011-01-12</subfield>
    <subfield code="e">UBH/078/13.8.10/64/1.7.10/25.8.10</subfield>
    <subfield code="g">425.00</subfield>
    <subfield code="l">0</subfield>
    <subfield code="o">006.74 KAH</subfield>
    <subfield code="p">B-419655</subfield>
    <subfield code="r">2011-01-12 00:00:00</subfield>
    <subfield code="t">1</subfield>
    <subfield code="v">425.00</subfield>
    <subfield code="w">2011-01-12</subfield>
    <subfield code="y">EN</subfield>
  </datafield>
  <datafield tag="952" ind1=" " ind2=" ">
    <subfield code="0">0</subfield>
    <subfield code="1">0</subfield>
    <subfield code="4">0</subfield>
    <subfield code="7">0</subfield>
    <subfield code="8">NFIC</subfield>
    <subfield code="a">BL1</subfield>
    <subfield code="b">BL1</subfield>
    <subfield code="d">2011-01-12</subfield>
    <subfield code="e">UBH/078/13.8.10/64/1.7.10/25.8.10</subfield>
    <subfield code="g">425.00</subfield>
    <subfield code="l">2</subfield>
    <subfield code="o">006.74 KAH</subfield>
    <subfield code="p">B-419656</subfield>
    <subfield code="r">2019-01-11 00:00:00</subfield>
    <subfield code="s">2018-12-28</subfield>
    <subfield code="t">1</subfield>
    <subfield code="v">425.00</subfield>
    <subfield code="w">2011-01-12</subfield>
    <subfield code="y">EN</subfield>
  </datafield>
  <datafield tag="952" ind1=" " ind2=" ">
    <subfield code="0">0</subfield>
    <subfield code="1">0</subfield>
    <subfield code="4">0</subfield>
    <subfield code="7">0</subfield>
    <subfield code="8">NFIC</subfield>
    <subfield code="a">JP</subfield>
    <subfield code="b">JP</subfield>
    <subfield code="d">2011-01-12</subfield>
    <subfield code="e">UBH/078/13.8.10/64/1.7.10/25.8.10</subfield>
    <subfield code="g">425.00</subfield>
    <subfield code="l">34</subfield>
    <subfield code="m">12</subfield>
    <subfield code="o">006.74 KAH</subfield>
    <subfield code="p">B-419657</subfield>
    <subfield code="r">2018-09-29 00:00:00</subfield>
    <subfield code="s">2018-08-18</subfield>
    <subfield code="t">2</subfield>
    <subfield code="v">425.00</subfield>
    <subfield code="w">2011-01-12</subfield>
    <subfield code="y">EN</subfield>
  </datafield>
  <datafield tag="952" ind1=" " ind2=" ">
    <subfield code="0">0</subfield>
    <subfield code="1">0</subfield>
    <subfield code="4">0</subfield>
    <subfield code="7">0</subfield>
    <subfield code="8">NFIC</subfield>
    <subfield code="a">JP</subfield>
    <subfield code="b">JP</subfield>
    <subfield code="d">2011-01-12</subfield>
    <subfield code="e">UBH/078/13.8.10/64/1.7.10/25.8.10</subfield>
    <subfield code="g">425.00</subfield>
    <subfield code="l">22</subfield>
    <subfield code="m">5</subfield>
    <subfield code="o">006.74 KAH</subfield>
    <subfield code="p">B-419658</subfield>
    <subfield code="r">2020-09-28 00:00:00</subfield>
    <subfield code="s">2020-09-14</subfield>
    <subfield code="t">2</subfield>
    <subfield code="v">425.00</subfield>
    <subfield code="w">2011-01-12</subfield>
    <subfield code="y">EN</subfield>
  </datafield>
  <datafield tag="952" ind1=" " ind2=" ">
    <subfield code="0">0</subfield>
    <subfield code="1">5</subfield>
    <subfield code="4">0</subfield>
    <subfield code="7">0</subfield>
    <subfield code="8">NFIC</subfield>
    <subfield code="a">ZLS</subfield>
    <subfield code="b">ZLS</subfield>
    <subfield code="d">2011-01-12</subfield>
    <subfield code="e">UBH/078/13.8.10/64/1.7.10/25.8.10</subfield>
    <subfield code="g">425.00</subfield>
    <subfield code="l">0</subfield>
    <subfield code="o">006.74 KAH</subfield>
    <subfield code="p">B-419659</subfield>
    <subfield code="r">2011-01-12 00:00:00</subfield>
    <subfield code="t">1</subfield>
    <subfield code="v">425.00</subfield>
    <subfield code="y">EN</subfield>
  </datafield>
  <datafield tag="952" ind1=" " ind2=" ">
    <subfield code="0">0</subfield>
    <subfield code="1">0</subfield>
    <subfield code="4">0</subfield>
    <subfield code="7">0</subfield>
    <subfield code="8">NFIC</subfield>
    <subfield code="a">VP</subfield>
    <subfield code="b">VP</subfield>
    <subfield code="d">2011-01-12</subfield>
    <subfield code="e">UBH/078/13.8.10/64/1.7.10/25.8.10</subfield>
    <subfield code="g">425.00</subfield>
    <subfield code="l">15</subfield>
    <subfield code="m">5</subfield>
    <subfield code="o">006.74 KAH</subfield>
    <subfield code="p">B-419660</subfield>
    <subfield code="r">2019-09-25 00:00:00</subfield>
    <subfield code="s">2019-08-21</subfield>
    <subfield code="t">1</subfield>
    <subfield code="v">425.00</subfield>
    <subfield code="w">2011-01-12</subfield>
    <subfield code="y">EN</subfield>
  </datafield>
  <datafield tag="952" ind1=" " ind2=" ">
    <subfield code="0">0</subfield>
    <subfield code="1">0</subfield>
    <subfield code="4">0</subfield>
    <subfield code="7">0</subfield>
    <subfield code="8">NFIC</subfield>
    <subfield code="a">BL3</subfield>
    <subfield code="b">BL3</subfield>
    <subfield code="d">2011-01-12</subfield>
    <subfield code="e">UBH/078/13.8.10/64/1.7.10/25.8.10</subfield>
    <subfield code="g">425.00</subfield>
    <subfield code="l">0</subfield>
    <subfield code="o">006.74 KAH</subfield>
    <subfield code="p">B-419661</subfield>
    <subfield code="r">2011-01-12 00:00:00</subfield>
    <subfield code="t">1</subfield>
    <subfield code="v">425.00</subfield>
    <subfield code="w">2011-01-12</subfield>
    <subfield code="y">EN</subfield>
  </datafield>
  <datafield tag="952" ind1=" " ind2=" ">
    <subfield code="0">0</subfield>
    <subfield code="1">3</subfield>
    <subfield code="4">0</subfield>
    <subfield code="7">0</subfield>
    <subfield code="8">NFIC</subfield>
    <subfield code="a">BL4</subfield>
    <subfield code="b">BL4</subfield>
    <subfield code="d">2011-01-12</subfield>
    <subfield code="e">UBH/078/13.8.10/64/1.7.10/25.8.10</subfield>
    <subfield code="g">425.00</subfield>
    <subfield code="l">0</subfield>
    <subfield code="o">006.74 KAH</subfield>
    <subfield code="p">B-419662</subfield>
    <subfield code="r">2011-01-12 00:00:00</subfield>
    <subfield code="t">1</subfield>
    <subfield code="v">425.00</subfield>
    <subfield code="y">EN</subfield>
  </datafield>
</record>
